| 000 | 01691njm a2200397 c 4500 | ||
|---|---|---|---|
| 003 | BLK | ||
| 005 | 20240522132024.0 | ||
| 008 | 180410b bul||n||s|||||||| n|bulo| | ||
| 010 | _aCDD00004001000 | ||
| 040 | _aBLK | ||
| 041 |
_aBUL _cBUL |
||
| 080 |
_aСвещено писание. Библия. Стар и Нов завет _b22 _x(086.76) _z22(086.76) |
||
| 139 |
_aИисус Христос - Божият син _bИ 95 |
||
| 245 | 1 | 0 |
_aИисус Христос - Божият син [CD аудио] _bОткъси от Евангелието : CD 1 - 2 _cрежисьор Иван Андонов; изп. Николай Бинев; изп. Веселин Ранков; изп. Мария Русалиева; изп. Иван Андонов; изп. Васил Бинев. _nCD 1 |
| 257 | _aBGR | ||
| 260 |
_bGega New _c1999 - |
||
| 300 | _c12 см. Stereo | ||
| 380 | _a2 | ||
| 590 | _aS.N: 104624 от КНИГИ | ||
| 650 | 4 |
_aЕвангелие _9154094 |
|
| 653 | _aЕвангелие | ||
| 700 | 1 |
_aАндонов, Иван _eрежисьор _gСавов, Иван Андонов _9377712 |
|
| 700 | 1 |
_aБинев, Николай _eизп. _9354625 |
|
| 700 | 1 |
_aРанков, Веселин _eизп. _9354626 |
|
| 700 | 1 |
_aРусалиева, Мария _eизп. _9117420 |
|
| 700 | 1 |
_aАндонов, Иван _eизп. _gСавов, Иван Андонов _9377712 |
|
| 700 | 1 |
_aБинев, Васил _eизп. _9354627 |
|
| 760 | 1 |
_d1999 _h70мин. 25сек. _tCD 1 |
|
| 852 |
_aЦб CD 502 _p0 |
||
| 856 | 4 |
_qpdf _u |
|
| 856 | 4 |
_qpdf _u |
|
| 942 |
_cCDD _n0 |
||
| 944 |
_aCR _c01.01.1999 _k30545 _lНора Радева |
||
| 944 |
_aED _c15.01.2003 |
||
| 999 |
_c221810 _d221810 |
||
| 999 | _d221810 | ||